Least Developed Countries (Africa) - Statistics

General Stats
  • This quiz has been taken 45 times
  • The average score is 30 of 33
Answer Stats
Answer % Correct
D.R. Congo
100%
Central African Republic
97%
Guinea
97%
Rwanda
97%
South Sudan
97%
Chad
95%
Angola
95%
Niger
95%
Sierra Leone
95%
Sudan
95%
Tanzania
95%
Uganda
95%
Benin
92%
Burundi
92%
Ethiopia
92%
Guinea Bissau
92%
Lesotho
92%
Madagascar
92%
Malawi
92%
Mali
92%
Mozambique
92%
Senegal
92%
Somalia
92%
Togo
92%
Comoros
89%
Eritrea
89%
Liberia
89%
Zambia
89%
Djibouti
86%
Gambia
86%
Mauritania
86%
Sao Tome
84%
Burkina Faso
81%
No matching quizzes found
Score Distribution
Percent of People with Each Score
Percentile by Number Answered
Your Score History
You have not taken this quiz